000 00554nam a2200205Ia 4500
005 20250326143936.0
008 250326s9999 xx 000 0 und d
037 _aTextbook
040 _aFMSL
_beng
_cFMSL
041 _aeng
_2eng
084 _aX:89A P7
_qFMSL
100 _aDubey J
_9748778
245 0 _aSupply chain management
_cDubey J And Others
260 _aNew Delhi
_bNew Delhi, New Century
_c2007
300 _a294p
365 _b575
650 _aSupply Chain
_9322291
942 _cTB
_hX:89A P7
999 _c1301713
_d1301713